000
00244nam a2200109Ia 4500
008
200302s9999 xx 000 0 und d
100
_a
Necola Kearton
245
_a
Public Art
260
_b
Academy Group Ltd.
260
_c
1996
300
_a
95 P.,
999
_c
2036
_d
2036